01726nam a22002177a 450000500170000000800410001702000180005804000070007604100080008308200210009110000260011224500690013826000220020730000240022936500520025352009910030565000310129694200120132799900190133995201500135820230912101552.0230912b ||||| |||| 00| 0 eng d a9788195895038 cAL aeng 223a332.64bPANI aFairy Panchal9133362 aIndustry handbookb: how to pick, analyze and win your industry bZebra Learnc2022 a295p.bHBc21x15cm. 2Generala#INV-77677c₹d₹998.75f30/08/2023 a95% of aspiring & practicing entrepreneurs, don’t know how to evaluate the strength of their business. Most of the times, they directly jump into selling the product. Later they realize underlying problems that exist in the industry. Have you wondered why most investment bankers become great entrepreneurs? One skill that they have and others don’t - Industry Analysis. They can break down any industry, find red flags and key success factors before jumping in. That is the power of Industry Analysis. This book is for anyone who wishes to start, own or analyze a business. Understanding any industry is of utmost importance to take the right decisions at the right time. It is a step-by-step guide that helps you identify industry attractiveness. This includes financial strength, margins, competition, capital intensiveness, pricing power, growth potential, key KPIs, major challenges and so on. All this helps identify businesses with above-average profitability in the long run 2InvestingaFinance9133363 2ddccBK c228746d228746 00102ddc40708MCOMFAaSACPGbSACPGd2023-09-09eZebra Learnl2o332.64 PANIpPG024396r2024-03-22 00:00:00s2024-03-11v998.75w2023-09-12yBK